| 000 | 00812nam a2200217Ii 4500 | ||
|---|---|---|---|
| 003 | JO-AjNU | ||
| 008 | 230605s9999||||xx |||||||||||||| ||und|| | ||
| 017 | _a2006/2487 | ||
| 020 | _a977-04-9795-9 | ||
| 040 |
_aJO-AjNU _bara _erda _cJO-AjNU |
||
| 041 | _aara | ||
| 050 | 1 | 4 | _aKRM3946.Q27.2010 |
| 100 | 3 |
_aقشقوش، هدى حامد , _eauthor _932475 |
|
| 245 | 0 | 0 | _aشرح قانون العقوبات : القسم العام جرائم الاعتداء على الأموال |
| 264 | 3 | 1 | _aالقاهرة : دار النهضة العربية، 2010 |
| 300 | _a258ص | ||
| 336 |
_atext _btxt _2rdacontent |
||
| 337 |
_aunmediated _bn _2rdamedia |
||
| 338 |
_avolume _bnc _2rdacarrier |
||
| 650 | 4 |
_aالقانون الدولي الجنائي -- جرائم الأموال -- جرائم الضرب _932476 |
|
| 999 |
_aA13115 _c16683 _d16683 |
||